000 04424nam0a2200493 4500
001 RU\NLR\BIBL_A\011942851
005 20250809113130.0
020 _aRU
_9Ленинград в Великой Отечественной войне. Коллекция. Афиши
035 _a(NLR Aleph) 011942851
090 _a65383
_c65383
100 _a20190221d1944 u y0rusy50 ca
101 0 _arus
102 _aRU
105 _ay z 000zy
135 _acrcn 024anaba
200 1 _aСтаринные водевили П.А. Каратыгина, Среда 12, Четверг 13, Суббота 15, Воскрсенье 16 (днем), апрель 1944 г.
_e[афиша]
_fУправление по делам искусств Исполкома Ленгорсовета, Зал камерных концертов
210 _a[Ленинград]
_cЛТ УН-9
_d1944
215 _a1 л.
_d39x56
300 _aАнонс: 14 апереля - Анна Каренина
300 _aНачало дневных спектаклей в 13 час., вечерних в 19 час. Билеты продаются в кассе зала от 11 до 19 ч.
300 _aЗак. 904
325 _aКопия доступна в Электрон. б-ке РНБ
327 _aВиц-мундир: Водевиль в 1 действии. Действующие лица: Осип Осипович Разгильдяев - А.А. Виноградов; Иван Никанорович Гуторин - Г.К. Кузнецов; Анна Егоровна Любецкая, вдова - А.А. Толубеева; Григорий Сидорович Мелюзга, экзекутор - И.П. Новский; Фекла, кухарка Разгильдяева - А.К. де-Лазари; Слуга - А.С. Пикар; Фадеев, сторож из департамента - Н.К. Польяк. Действие в Петербурге. Дядюшка на трех ногах: Водевиль в 1 действии. Действующие лица: Лев Кондратьевич Сборский, полковник, городничий в одном из городов Тамбовской губернии - Н.К. Польяк; Марья Кондратьевна, сестра его - А.К. де-Лазари, Е.Г. Гаршина; Наташа, их племянница - М.А. Файбушевич, А.А. Толубеева; Владимир Иванович Луцкой, ее жених - А.А. Виноградов; Савва Саввич Филин - В.И. Колотушкин; Наум, слуга - И.П. Новский. Действие в Петербурге. Танцы поставлены Т. Шмыровой. Постановка О.А. Смирновой. Музыкальное сопровождение О.А. Норейко. Свет С.И. Ачкасова. Художник Г.К. Кузнецов. Ассистент режиссера А.С. Пикар.
606 1 _aТеатральная жизнь
_yЛенинград, город
_z1941 - 1944
_jАфиши
_2nlr_sh2
_3RU\NLR\AUTH\6601649837
686 1 _aЩ333(2Р=Рус)7-692Ленинград
702 1 _aКаратыгин
_bП. А.
_cактер, переводчик, драматург
_f1805-1879
_gПетр Андреевич
_3RU\NLR\AUTH\7786173
_4005
712 0 2 _aЗал камерных концертов
_cЛенинград
_3RU\NLR\AUTH\880495405
_4570
852 _aNLR
_jЛ3-330а/12/3/1944-апрель(4)
856 0 _uhttp://vivaldi.nlr.ru/la700000152/view
856 1 _uhttp://vivaldi.nlr.ru/la700000152/cover
856 2 _uhttp://vivaldi.nlr.ru/la700000152/text
942 _cVISUAL
945 _aРоссийская национальная библиотека
980 _aNB
980 _aBV
980 3 _akplen
980 3 _akp
981 3 7 _a(37) Ленинград в Великой Отечественной войне
_b(37) Афиши блокадного Ленинграда